Praktikum pre prácu s programovým systémom LOTUS 1-2-3

Saved in:
Bibliographic Details
Main Author: Ondrejková, Anna
Corporate Author: Ekonomická univerzita v Bratislave. Fakulta hospodárskej informatiky
Other Authors: Cárachová, Magdaléna
Format: Book
Language:Slovak
Published: Bratislava EU 1992
Edition:1. vyd.
Subjects:
Tags: Add Tag
No Tags, Be the first to tag this record!

MARC

LEADER 00000nam a2200000 4500
001 c005001
005 20221214090358.2
020 |a 80-225-0354-1 
041 0 |a slo 
044 |a SK 
245 1 0 |a Praktikum pre prácu s programovým systémom LOTUS 1-2-3  |c Anna Ondrejková, Magdaléna Cárachová 
250 |a 1. vyd. 
264 1 |a Bratislava  |b EU  |c 1992 
300 |a 258 s. 
610 2 0 |a programovanie 
610 2 0 |a systémy databázové 
610 2 0 |a grafy 
610 2 0 |a počítače osobné 
100 1 |a Ondrejková, Anna 
700 1 |a Cárachová, Magdaléna 
710 2 |a Ekonomická univerzita v Bratislave. Fakulta hospodárskej informatiky